| 000 | 00519nam a2200181 4500 | ||
|---|---|---|---|
| 003 | OSt | ||
| 005 | 20260530115323.0 | ||
| 008 | 260520b |||||||| |||| 00| 0 eng d | ||
| 040 |
_aICI _bspa _cICI _erda |
||
| 050 |
_aTS171.4 _b.D97 |
||
| 100 |
_aDyson Ltd. _eautor _934702 |
||
| 245 |
_aDyson: _bDesign isn“t just about how something looks, but how it works |
||
| 264 |
_aReino Unido _bDyson Ltd. |
||
| 336 |
_2rdacontent _atexto |
||
| 337 |
_2rdamedia _asin medio |
||
| 338 |
_2rdacarrier _avolumen |
||
| 942 |
_2lcc _n1 _cBK |
||
| 999 |
_c13866 _d13866 |
||